Defence Development and National Security / (Record no. 173261)

MARC details
000 -LEADER
fixed length control field 00657nam a22002057a 4500
005 - DATE AND TIME OF LATEST TRANSACTION
control field 20200221105311.0
010 ## - LCCN (DPL NO)
LC control number ENG-127926
020 ## - INTERNATIONAL STANDARD BOOK NUMBER
International Standard Book Number 9788194348269
Terms of availability 895.00
035 ## - SYSTEM CONTROL NUMBER
System control number EN-111458
037 ## - SOURCE OF ACQUISITION
Source of stock number/acquisition DBAD/PUB
082 ## - DEWEY DECIMAL CLASSIFICATION NUMBER
Classification number 338.4735500954
100 ## - MAIN ENTRY--PERSONAL NAME
Personal name Sharma,Deepak
245 ## - TITLE STATEMENT
Title Defence Development and National Security /
Statement of responsibility, etc by Sharma,Deepak
250 ## - EDITION STATEMENT
Edition statement 2019
260 ## - PUBLICATION, DISTRIBUTION, ETC. (IMPRINT)
Place of publication, distribution, etc New Delhi
Name of publisher, distributor, etc Sunshine Books
Date of publication, distribution, etc 2019
270 ## - ADDRESS
Address 4760-4761, 2nd Floor, 23 Ansari Road, Daryaganj
City New Delhi
Postal code 110002
300 ## - PHYSICAL DESCRIPTION
Extent v;188p.
Dimensions 22cm(hb)
500 ## - GENERAL NOTE
General note includes bibliographical references and index<br/>
942 ## - ADDED ENTRY ELEMENTS (KOHA)
Source of classification or shelving scheme Dewey Decimal Classification
Item type English Books
Classification part 338.4735500954
Call number suffix SHA
Holdings
Withdrawn status Lost status Not for loan Collection code Home library Current library Date acquired Source of acquisition Cost, normal purchase price Full call number Barcode Copy number Cost, replacement price Koha item type
      Non-fiction Central Library Central Library 21/02/2020 DBAD/PUB 895.00 338.4735500954 SHA EN-111458 1 895.00 English Books

© Delhi Public Library
Hit Counter
free hit counter